Simultánny model zárobkov a produktivita práce

Vplyv produktivity práce a počtu odpracovaných hodín v týždni na výšku zárobkov. Odhad regresných koeficientov na základe zdrojových údajov získaných metódou najmenších štvorcov s pomocou ekonometrického programu. Využitie a porovnanie s tabuľkovými procesormi. Detekcia autokorelácie v jednotlivých...

Ausführliche Beschreibung

Gespeichert in:
Bibliographische Detailangaben
1. Verfasser: Rievajová, Eva
Weitere Verfasser: Kavec, Ján
Format: Buchkapitel
Sprache:Slowakisch
Schlagworte:
Tags: Tag hinzufügen
Keine Tags, Fügen Sie das erste Tag hinzu!

MARC

LEADER 00000nla$a2200000$$$4500
001 0120781
005 20240502072352.0
041 0 |a slo 
044 |a SK 
245 1 0 |a Simultánny model zárobkov a produktivita práce 
520 |a Vplyv produktivity práce a počtu odpracovaných hodín v týždni na výšku zárobkov. Odhad regresných koeficientov na základe zdrojových údajov získaných metódou najmenších štvorcov s pomocou ekonometrického programu. Využitie a porovnanie s tabuľkovými procesormi. Detekcia autokorelácie v jednotlivých vzťahoch. 
610 2 0 |a produktivita práce 
610 2 0 |a faktory produktivity práce 
610 2 0 |a meranie produktivity práce 
610 2 0 |a výkony pracovné 
610 2 0 |a zárobky 
610 2 0 |a týždeň pracovný 
610 2 0 |a zamestnanosť 
610 2 0 |a modely ekonometrické 
610 2 0 |a rovnice simultánne 
100 1 |a Rievajová, Eva 
700 1 |a Kavec, Ján